[Event "Palanga Baltija op-A"]
[Site "Palanga"]
[Date "2014.06.20"]
[Round "7"]
[White "Vaitonis, Vytautas"]
[Black "Mihailovs, Arturs"]
[Result "0-1"]
[WhiteElo "1983"]
[BlackElo "1849"]
[PlyCount "87"]
[EventDate "2014.06.16"]
[EventType "swiss"]
[EventRounds "9"]
[EventCountry "LTU"]
[SourceTitle "CBM 161 Extra"]
[Source "ChessBase"]
[SourceDate "2014.08.29"]
[SourceVersion "1"]
[SourceVersionDate "2014.08.29"]
[SourceQuality "1"]

1. d4 d5 2. Nf3 c6 3. e3 e6 4. c4 Nf6 5. Nc3 Nbd7 6. Qc2 Bd6 7. Bd3 dxc4 8. Bxc4 b5 9. Be2 Bb7 10. 0-0 0-0 11. Rd1 Qe7 12. e4 e5 13. h3 a6 14. a3 Rfe8 15. dxe5 Nxe5 16. Nd4 Bc5 17. Nf5 Qe6 18. b4 Bf8 19. Nd4 Qe7 20. Nb3 Ned7 21. Na5 Ra7 22. Be3 c5 23. f3 Ba8 24. Nb3 Rc7 25. Nxc5 Nxc5 26. bxc5 Rxc5 27. Rd3 Rec8 28. Qd2 R5c6 29. Nd5 Nxd5 30. exd5 Rc2 31. Qe1 Bxd5 32. Bd1 R2c5 33. Qf2 Rc3 34. Be2 Rxd3 35. Bxd3 Rc3 36. Rd1 Rxa3 37. Bd4 Qb4 38. Bb1 Bc4 39. Qh4 Bd3 40. Bxd3 Rxd3 41. Rxd3 Qb1+ 42. Kh2 Qxd3 43. Qd8 Qa3 44. Bxg7 0-1

[Event "Palanga Baltija op-A"]
[Site "Palanga"]
[Date "2014.06.19"]
[Round "6"]
[White "Mihailovs, Arturs"]
[Black "Horn, Emilia"]
[Result "1-0"]
[WhiteElo "1849"]
[BlackElo "2027"]
[PlyCount "85"]
[EventDate "2014.06.16"]
[EventType "swiss"]
[EventRounds "9"]
[EventCountry "LTU"]
[SourceTitle "CBM 161 Extra"]
[Source "ChessBase"]
[SourceDate "2014.08.29"]
[SourceVersion "1"]
[SourceVersionDate "2014.08.29"]
[SourceQuality "1"]

1. e4 e5 2. Nf3 Nc6 3. Bb5 a6 4. Ba4 Nf6 5. 0-0 Be7 6. Re1 b5 7. Bb3 d6 8. h3 0-0 9. a4 Bb7 10. d3 Na5 11. Ba2 b4 12. Nbd2 c5 13. Nc4 Nxc4 14. Bxc4 a5 15. Bg5 Nd7 16. Qd2 Nb6 17. Bb5 f6 18. Be3 f5 19. Bg5 h6 20. Bxe7 Qxe7 21. Rad1 g5 22. Nh2 f4 23. Ng4 Kg7 24. f3 Bc8 25. c3 Bd7 26. Bxd7 Qxd7 27. d4 bxc3 28. bxc3 cxd4 29. cxd4 h5 30. Nf2 Qxa4 31. dxe5 dxe5 32. Qd6 Nc4 33. Qe7+ Rf7 34. Qxg5+ Kf8 35. Qxh5 Kg8 36. Ng4 Rg7 37. Nh6+ Kf8 38. Nf5 Kg8 39. Nxg7 Kxg7 40. Qg4+ Kf8 41. Rd7 Qb4 42. Qg7+ Ke8 43. Qf7# 1-0

[Event "Palanga Baltija op-A"]
[Site "Palanga"]
[Date "2014.06.17"]
[Round "2"]
[White "Mihailovs, Arturs"]
[Black "Lindermans, Pavels"]
[Result "1-0"]
[WhiteElo "1849"]
[BlackElo "1609"]
[PlyCount "69"]
[EventDate "2014.06.16"]
[EventType "swiss"]
[EventRounds "9"]
[EventCountry "LTU"]
[SourceTitle "CBM 161 Extra"]
[Source "ChessBase"]
[SourceDate "2014.08.29"]
[SourceVersion "1"]
[SourceVersionDate "2014.08.29"]
[SourceQuality "1"]

1. e4 e6 2. d4 d5 3. Nd2 Nf6 4. Bd3 c5 5. e5 Nfd7 6. c3 Nc6 7. Ne2 cxd4 8. cxd4 f6 9. exf6 Nxf6 10. 0-0 Bd6 11. Nf3 Qc7 12. Bg5 0-0 13. Bh4 Nh5 14. Nc3 Be7 15. Ng5 Nf6 16. Nb5 Qd8 17. Re1 a6 18. Nc3 Qb6 19. Nxe6 Bxe6 20. Rxe6 Rad8 21. Bxf6 Rxf6 22. Rxf6 Bxf6 23. Nxd5 Qxd4 24. Nxf6+ Qxf6 25. Qb3+ Kh8 26. Re1 Rf8 27. Qb6 Qf4 28. g3 Qg4 29. Qxb7 Nd4 30. Re3 Qd1+ 31. Kg2 Qd2 32. Qf7 Qb4 33. Re8 Ne6 34. Qxe6 Qb7+ 35. Be4 1-0

[Event "Palanga Baltija op-A"]
[Site "Palanga"]
[Date "2014.06.16"]
[Round "1"]
[White "Maciuityte, Meda"]
[Black "Mihailovs, Arturs"]
[Result "1-0"]
[WhiteElo "1499"]
[BlackElo "1849"]
[PlyCount "87"]
[EventDate "2014.06.16"]
[EventType "swiss"]
[EventRounds "9"]
[EventCountry "LTU"]
[SourceTitle "CBM 161 Extra"]
[Source "ChessBase"]
[SourceDate "2014.08.29"]
[SourceVersion "1"]
[SourceVersionDate "2014.08.29"]
[SourceQuality "1"]

1. e4 e5 2. Nf3 Nc6 3. Bc4 Nf6 4. Ng5 d5 5. exd5 Na5 6. Bb5+ c6 7. dxc6 bxc6 8. Qf3 Rb8 9. Bxc6+ Nxc6 10. Qxc6+ Nd7 11. Nf3 Rb6 12. Qe4 Bb7 13. Qe2 Be7 14. 0-0 Rg6 15. d3 f5 16. Nc3 Qa8 17. Kh1 0-0 18. Rg1 e4 19. Ne1 Bh4 20. Bf4 Re8 21. Bg3 exd3 22. Qxd3 Ne5 23. Qxf5 Rg5 24. Qh3 Bxg3 25. fxg3 g6 26. Qh4 Rh5 27. Qd4 Rd8 28. Qf4 Rf8 29. Qd4 Rd8 30. Qa4 Rc8 31. Rd1 Rc4 32. Qb3 Kh8 33. Rd2 Qb8 34. Nd5 Ng4 35. h3 Rc5 36. Nf4 Rb5 37. Qc3+ Rhe5 38. hxg4 Qf8 39. Kh2 Qh6+ 40. Nh3 Rbc5 41. Qb3 Qxd2 42. Qxb7 Rcd5 43. Nf3 Rd7 44. Qb8+ 1-0